000 00826nam a2200205 a 4500
001 000041379
005 20240516201122.0
008 131001s2011 dr ad r 000 0 spa d
040 _aDO-SdBNP
_bspa
_cBNPHU
082 _a338.97293
_bR426m
110 1 _aRepública Dominicana
_bBanco Central
_932074
245 1 0 _aMemoria 2010. :
_bsexagésimo tercer ejercicio 2010, enero 1º a diciembre 31 /
_cBanco Central de la República Dominicana.
260 _aSanto Domingo :
_bBanco Central,
_c2011.
300 _a230 p. :
_bil., gráfcs., tablas ;
_c28 cm.
590 _aInventariado, 2018/BT
650 0 _aFINANZAS PÚBLICAS
_xREPÚBLICA DOMINICANA
_98564
651 4 _aRepública Dominicana
_xCondiciones Económicas
_9281
651 4 _aRepública Dominicana
_xPolítica Económica
_9643
910 _aValidado. Control de calidad. EMS
999 _c40869
_d40869